000 00443nam a2200193Ia 4500
003 0100
008 130307s9999 xx 000 0 und d
040 _cARRUPELIB
050 _aB1498.B85 1980
100 _aBricke, John
245 _aHume's philosophy of mind
260 _aPrinceton, New Jersey
260 _bPrinceton University press
260 _c1980
300 _a176p.
300 _b22cm
650 _aPHILOSOPHY
942 0 0 _01
999 _c94006
_d94006